Sports Quiz

Random Sports Quiz
Score 0/18 Timer 05:00
0 Plays Today
Hint Answer % Correct
Diarmuid Connolly's home clubSt Vincent's
90.1%
Shane Kingston plays for this countyCork
69.1%
Shane Dowling won an All-Star in this year2014
66.7%
Tyrone's two-time All-Ireland winning captainBrian Dooher
65.8%
Made his Kilkenny debut in the 2012 All-Ireland hurling final replayWalter Walsh
64.8%
The year Noel McGrath won his first All-Star2009
64.7%
The year Sean Og O'Hailpin played in both All-Ireland senior football and hurling finals1999
63.2%
Danesfort is a club in this countyKilkenny
59.5%
Captain when Cork won an All-Ireland football title in 2010Graham Canty
59%
Hint Answer % Correct
The venue were Maurice Fitzgerald scored his famous sideline kick against DublinSemple Stadium
54%
2010 Hurler of the YearLar Corbett
48.1%
Jackie Tyrrell's home clubJames Stephens
45.1%
Former NFL player Roberto Wallace played with this club as part of the Toughest TradeBreaffy
43.2%
2011 All-Ireland winning football captainBryan Cullen
42.5%
Last captain other than Stephen Cluxton to lift the Sam Maguire CupFionn Fitzgerald
41.3%
Paul Galvin's home clubFinuge
36%
Ireland International Rules captain in 2015Bernard Brogan
21.9%
Kieran McGeeney's home club in ArmaghMullaghbawn
6.7%
Remove Ads.
Support Sporcle.
Get the best of Sporcle when you Go Orange. This ad-free experience offers more features, more stats, and more fun while also helping to support Sporcle. Thank you for becoming a member.

You're not logged in!

Compare scores with friends on all Sporcle quizzes.
OR
Log In

Sporcle TV

Today on Sporcle TV


Watch our educational content, quiz creation guides, and fun videos on Sporcle TV.

Show Comments

Extras

Created Jun 28, 2020ReportNominate
Tags:arena, challenge, Daily, gaa, pundit, Trivia

Top Quizzes Today


Score Distribution

Paid Content

Your Account Isn't Verified!

In order to create a playlist on Sporcle, you need to verify the email address you used during registration. Go to your Sporcle Settings to finish the process.

Report this User

Report this user for behavior that violates our Community Guidelines.

Details: